000
00295nam a2200121 a 4500
005
20140414132114.0
008
110823s19uu xx 00 eng d
050
_a
ER
_b
S438 2001
100
_a
Jay, Lorraine
245
_a
Sea turtle.
260
_a
China :
_b
Studio mouse,
_c
2001.
999
_c
114862
_d
114862